[Event "Chigorin Memorial 2014"]
[Site "St Petersburg RUS"]
[Date "2014.10.18"]
[Round "1.170"]
[White "Kiselev, Pavel"]
[Black "Rozum, Ivan"]
[Result "0-1"]
[BlackTitle "GM"]
[WhiteElo "2216"]
[BlackElo "2551"]
[WhiteFideId "4191102"]
[BlackFideId "24104272"]
[EventDate "2014.10.18"]

1. d4 Nf6 2. Nf3 d6 3. c4 Nbd7 4. Nc3 e5 5. g3 Be7 6. Bg2 O-O 7. O-O c6 8. Qc2
Re8 9. Rd1 Bf8 10. Rb1 Qc7 11. b4 exd4 12. Rxd4 b6 13. Bf4 Nh5 14. b5 Bb7 15.
Ng5 g6 16. bxc6 Bxc6 17. Nb5 Qb7 18. Bxc6 Qxc6 19. Bxd6 Bg7 20. Rdd1 Rec8 21.
Ba3 Ne5 22. Nd6 Rc7 23. Nb5 Qxc4 24. Nxc7 Qxc2 25. Nxa8 Qc8 26. Rbc1 Qxa8 27.
Rc7 Bf8 28. Bxf8 Qxf8 29. f4 h6 30. Ne6 fxe6 31. fxe5 Ng7 32. Rdc1 Qa3 33. Rd1
Qxa2 34. Rd8+ Kh7 35. Rdd7 Qa1+ 36. Kf2 Qxe5 37. Rxa7 g5 38. h4 gxh4 39. gxh4
Kg6 40. Rab7 Nf5 41. Ke1 Qc3+ 42. Kf1 Qg3 43. e4 Qf3+ 44. Kg1 Qxe4 45. Ra7 Qe1+
46. Kg2 Nxh4+ 47. Kh3 Nf5 48. Kg2 h5 49. Rab7 h4 50. Rh7 h3+ 0-1

[Event "Chigorin Memorial 2014"]
[Site "St Petersburg RUS"]
[Date "2014.10.18"]
[Round "1.171"]
[White "Khusenkhojaev, Muhammad"]
[Black "Vorobjev, Dmitry"]
[Result "1-0"]
[WhiteTitle "IM"]
[WhiteElo "2416"]
[BlackElo "2199"]
[WhiteFideId "14700247"]
[BlackFideId "24112178"]
[EventDate "2014.10.18"]

1. Nf3 Nf6 2. c4 g6 3. g3 Bg7 4. Bg2 O-O 5. O-O d6 6. d4 Nc6 7. Nc3 a6 8. Bf4
Bg4 9. d5 Na5 10. Qd3 c5 11. h3 Bd7 12. a4 Rb8 13. Nd2 Qc7 14. g4 b5 15. axb5
axb5 16. Nxb5 Bxb5 17. cxb5 c4 18. Rfc1 Rfc8 19. Qa3 Rxb5 20. b4 Nxd5 21. Bxd5
Rxd5 22. bxa5 Bxa1 23. Rxa1 c3 24. Nf1 c2 25. a6 Rd1 26. Bc1 Qc6 27. f3 Qb5 28.
Kf2 Qb1 29. a7 Ra8 30. Nd2 Qb5 31. Qe3 e6 32. Nb3 Rh1 33. Kg2 Re1 34. Kf2 Rh1
35. Nd4 Qb1 36. Nb3 Rd1 37. Qe4 Rxc1 38. Qxa8+ Kg7 39. Qh8+ Kxh8 40. a8=Q+ Kg7
41. Nxc1 1-0

[Event "Chigorin Memorial 2014"]
[Site "St Petersburg RUS"]
[Date "2014.10.18"]
[Round "1.172"]
[White "Mrykhin, Igor"]
[Black "Caprio, Guido"]
[Result "0-1"]
[BlackTitle "IM"]
[WhiteElo "2151"]
[BlackElo "2412"]
[WhiteFideId "24168106"]
[BlackFideId "834580"]
[EventDate "2014.10.18"]

1. e4 c5 2. d4 cxd4 3. c3 dxc3 4. Nxc3 d6 5. Nf3 e6 6. Bc4 Be7 7. O-O Nf6 8. Qe2
O-O 9. Rd1 Ne8 10. Bf4 Bd7 11. Nb5 Bxb5 12. Bxb5 Nc6 13. Rac1 Rc8 14. Bxc6 Rxc6
15. Rxc6 bxc6 16. Qa6 Qc7 17. b4 e5 18. Be3 Nf6 19. Rc1 Rc8 20. Bg5 h6 21. Bxf6
Bxf6 22. b5 c5 23. Rc4 Rb8 24. Nd2 Rb6 25. Qa3 Bg5 26. Nb3 Rxb5 27. g3 Qb7 28.
Ra4 Rb4 29. h4 Bf6 30. f3 Rxa4 31. Qxa4 g6 32. Nd2 Qb2 33. Nc4 Qd4+ 34. Kg2 Kg7
35. Qa6 Qd3 36. a4 Qe2+ 37. Kh3 Qxf3 38. Kh2 Qf2+ 39. Kh3 Qf1+ 40. Kh2 Qe2+ 41.
Kh3 Qxe4 42. Kh2 Qe2+ 43. Kh3 d5 44. Qxa7 Qxc4 45. a5 e4 46. h5 Qf1+ 47. Kh2
Qf2+ 48. Kh1 Bd4 0-1

[Event "Chigorin Memorial 2014"]
[Site "St Petersburg RUS"]
[Date "2014.10.18"]
[Round "1.173"]
[White "Slavin, Alexey"]
[Black "Smirnov, Mikhail"]
[Result "1-0"]
[WhiteTitle "IM"]
[WhiteElo "2397"]
[BlackElo "2147"]
[WhiteFideId "24104388"]
[BlackFideId "4146123"]
[EventDate "2014.10.18"]

1. d4 Nf6 2. c4 g6 3. Nc3 d5 4. cxd5 Nxd5 5. e4 Nxc3 6. bxc3 c5 7. Nf3 Bg7 8.
Rb1 O-O 9. Be2 Qa5 10. Rb5 Qxc3+ 11. Bd2 Qa3 12. Ra5 Qb2 13. Rxc5 Qxa2 14. O-O
Qe6 15. Qc2 Na6 16. Bc4 Qd6 17. e5 Qd8 18. Bxa6 bxa6 19. Ba5 Qe8 20. Bc7 Bg4 21.
Ra1 Qd7 22. Qc4 Rfc8 23. Ng5 e6 24. f3 Bh6 25. h4 Bf5 26. Rc1 Bxg5 27. hxg5 Qe7
28. f4 Qd7 29. Bd6 Rxc5 30. dxc5 Qc6 31. Ra1 Qb5 32. Rc1 Qc6 33. Ra1 Qb5 34. Qa4
Bd3 35. Kf2 Qxa4 36. Rxa4 Bb5 37. Ra2 Rc8 38. g4 Bc4 39. Ra3 Bb5 40. Ke3 Rc6 41.
f5 Rc8 42. f6 Rc6 43. Kf4 Rc8 44. Ke3 Kh8 45. Kd2 Kg8 46. Kc3 Kh8 47. Kb4 Kg8
48. Ka5 Kh8 49. Rb3 Ra8 50. Rxb5 axb5 51. Ka6 b4 52. c6 b3 53. Ba3 h5 54. gxh6
Kh7 55. c7 Kxh6 56. Bc1+ Kh7 57. Kb7 1-0

[Event "Chigorin Memorial 2014"]
[Site "St Petersburg RUS"]
[Date "2014.10.18"]
[Round "1.174"]
[White "Naumenko, Oleg"]
[Black "Lobanov, Sergei"]
[Result "0-1"]
[WhiteElo "2133"]
[BlackElo "2377"]
[WhiteFideId "4180046"]
[BlackFideId "24183750"]
[EventDate "2014.10.18"]

1. d4 Nf6 2. Bf4 e6 3. e3 c5 4. c3 Nc6 5. Nf3 b6 6. Bd3 Bb7 7. Nbd2 Be7 8. h3
O-O 9. O-O Rc8 10. Qe2 d5 11. Ne5 Nxe5 12. Bxe5 Nd7 13. Qg4 Nxe5 14. dxe5 Qc7
15. f4 a6 16. Rae1 b5 17. Rf3 g6 18. Rg3 Kh8 19. h4 h5 20. Qh3 d4 21. Bxg6 fxg6
22. Rxg6 Rf7 23. Qxe6 Rh7 24. exd4 cxd4 25. cxd4 Qc2 26. Ne4 Bxh4 27. d5 Rf8 28.
g3 Be7 29. Nd6 Qc5+ 30. Kh2 Qf2+ 31. Kh3 Qxe1 32. Nf7+ Rfxf7 33. Kg2 Qd2+ 34.
Kf1 Qxd5 0-1

[Event "Chigorin Memorial 2014"]
[Site "St Petersburg RUS"]
[Date "2014.10.18"]
[Round "1.175"]
[White "Duzhakov, Ilya"]
[Black "Skvortsov, Alexander"]
[Result "1-0"]
[WhiteTitle "FM"]
[WhiteElo "2341"]
[BlackElo "2099"]
[WhiteFideId "4192516"]
[BlackFideId "24170038"]
[EventDate "2014.10.18"]

1. d4 Nf6 2. Nf3 d5 3. c4 e6 4. Bg5 Be7 5. Nc3 O-O 6. e3 c6 7. Rc1 Nbd7 8. Bd3
dxc4 9. Bxc4 Nd5 10. Bxe7 Qxe7 11. O-O Nxc3 12. Rxc3 e5 13. Qc2 e4 14. Nd2 Nf6
15. f3 Bf5 16. Bb3 Bg6 17. f4 Rfe8 18. Rc5 Nd7 19. f5 Bh5 20. f6 Nxf6 21. Rxh5
Nxh5 22. Rxf7 Qxf7 23. Bxf7+ Kxf7 24. Nxe4 Re7 25. Ng5+ Kf6 26. Nxh7+ Ke6 27.
Qb3+ Kf5 28. g4+ Kxg4 29. Qd1+ Kh4 30. Qe1+ Kh3 31. Qf1+ 1-0

[Event "Chigorin Memorial 2014"]
[Site "St Petersburg RUS"]
[Date "2014.10.18"]
[Round "1.176"]
[White "Rozhnov, Valeriy"]
[Black "Kashtanov, Ruslan"]
[Result "0-1"]
[BlackTitle "IM"]
[WhiteElo "2069"]
[BlackElo "2316"]
[WhiteFideId "34183784"]
[BlackFideId "4124871"]
[EventDate "2014.10.18"]

1. Nf3 Nf6 2. b3 g6 3. Bb2 Bg7 4. e3 O-O 5. c4 c5 6. Be2 Nc6 7. O-O d5 8. d4 Ne4
9. Nbd2 Bf5 10. Ne5 Nxe5 11. dxe5 Nxd2 12. Qxd2 dxc4 13. Qxd8 Rfxd8 14. Bxc4 Rd2
15. Bc3 Rc2 16. Rac1 Rxa2 17. e6 Bxe6 18. Bxe6 fxe6 19. Bxg7 Kxg7 20. Rxc5 b6
21. Rc3 Rd8 22. g3 Rdd2 23. Kg2 Rdb2 24. Kf3 Kf6 25. Ke4 Rxf2 26. Rxf2+ Rxf2 27.
h4 Rg2 28. Kf3 Rb2 29. Ke4 h5 30. Kf4 a5 31. Ke4 b5 32. Kf4 Rf2+ 33. Ke4 Rg2 34.
Kf3 Rb2 35. Kf4 e5+ 36. Ke4 e6 37. Kf3 a4 38. bxa4 bxa4 39. Ra3 Rb4 40. Ra2 Kf5
41. Ra3 e4+ 42. Kf2 Kg4 43. Ra2 Rc4 44. Kg2 a3 45. Rf2 e5 46. Ra2 Rc3 47. Kf2
Rb3 0-1

[Event "Chigorin Memorial 2014"]
[Site "St Petersburg RUS"]
[Date "2014.10.18"]
[Round "1.177"]
[White "Basso, Pier Luigi"]
[Black "Gutkind, Kedem"]
[Result "1-0"]
[WhiteTitle "FM"]
[WhiteElo "2312"]
[BlackElo "1993"]
[WhiteFideId "866970"]
[BlackFideId "1046519"]
[EventDate "2014.10.18"]

1. c4 Nf6 2. g3 g6 3. Bg2 Bg7 4. Nc3 O-O 5. Nf3 d6 6. d4 Nc6 7. O-O a6 8. Qd3
Rb8 9. d5 Na7 10. e4 b5 11. cxb5 axb5 12. b4 Bd7 13. Re1 Nc8 14. Nd4 Nb6 15. Rb1
e5 16. Ndxb5 Qc8 17. Na3 Nh5 18. Nc4 f5 19. Nxb6 Rxb6 20. exf5 gxf5 21. Qd1 Qe8
22. f4 Qg6 23. Ne2 Bb5 24. a4 Bxe2 25. Rxe2 exf4 26. Bxf4 Nxf4 27. gxf4 Qg4 28.
Qf1 Bh6 29. Rf2 Re8 30. Rf3 Kh8 31. Re1 Rbb8 32. Re6 Rxe6 33. dxe6 Re8 34. Qc4
Qh4 35. Kf1 Bg7 36. Re3 Qf6 37. Re1 Qb2 38. e7 Bd4 39. Qe2 Rxe7 40. Qxb2 Rxe1+
41. Kxe1 Bxb2 42. Kd2 Bd4 43. Kd3 Bg1 44. a5 Kg7 45. Kc4 c6 46. Bxc6 Kf7 47. b5
Ke7 48. b6 Kd8 49. Kb5 1-0

[Event "Chigorin Memorial 2014"]
[Site "St Petersburg RUS"]
[Date "2014.10.18"]
[Round "1.178"]
[White "Glazov, Anatoly"]
[Black "Donskov, Anatoly"]
[Result "0-1"]
[BlackTitle "FM"]
[WhiteElo "1887"]
[BlackElo "2309"]
[WhiteFideId "4192281"]
[BlackFideId "24143413"]
[EventDate "2014.10.18"]

1. e4 c5 2. Nf3 Nc6 3. d4 cxd4 4. Nxd4 Nf6 5. Nc3 d6 6. f3 e5 7. Ndb5 a6 8. Na3
b5 9. Nd5 Nxd5 10. Qxd5 Qc7 11. Be3 Be6 12. Qd2 d5 13. exd5 Rd8 14. Bd3 Rxd5 15.
O-O Nb4 16. Qe2 Nxd3 17. cxd3 Bxa3 18. bxa3 Qc3 19. Rfd1 Qxa3 20. d4 O-O 21. Rd3
Qa4 22. dxe5 Rxe5 23. Qd2 Bc4 24. Rd8 Qa3 25. Bf4 Qc5+ 26. Kh1 Rd5 27. Rxd5 Qxd5
28. Qxd5 Bxd5 29. a4 Re8 30. axb5 axb5 31. Kg1 b4 32. Ra5 Be6 33. Kf2 b3 34. Rb5
h6 35. g4 Bc4 36. Rb4 Re2+ 37. Kg3 b2 0-1

[Event "Chigorin Memorial 2014"]
[Site "St Petersburg RUS"]
[Date "2014.10.18"]
[Round "1.179"]
[White "Palchun, Grigory"]
[Black "Zhemchuzhina, Elizaveta"]
[Result "1-0"]
[WhiteElo "2284"]
[BlackElo "1810"]
[WhiteFideId "24147338"]
[BlackFideId "34106607"]
[EventDate "2014.10.18"]

1. e4 c5 2. Nc3 Nc6 3. g3 g6 4. Bg2 Bg7 5. d3 d6 6. f4 e6 7. Nf3 Nge7 8. O-O O-O
9. Be3 b6 10. Bf2 Ba6 11. Re1 d5 12. e5 Rc8 13. g4 c4 14. d4 b5 15. Ne2 b4 16.
Ng3 Qd7 17. Bh3 Rb8 18. f5 exf5 19. gxf5 Nxf5 20. Bxf5 gxf5 21. Nh5 Ne7 22. Nf6+
Bxf6 23. exf6 Ng6 24. Ng5 h6 25. Qh5 1-0

[Event "Chigorin Memorial 2014"]
[Site "St Petersburg RUS"]
[Date "2014.10.18"]
[Round "1.180"]
[White "Khatenever, Feliks"]
[Black "Solovyov, Viktor"]
[Result "0-1"]
[WhiteElo "1795"]
[BlackElo "2266"]
[WhiteFideId "4131800"]
[BlackFideId "4102754"]
[EventDate "2014.10.18"]

1. d4 Nf6 2. Nf3 e6 3. e3 b6 4. Bd3 c5 5. b3 cxd4 6. exd4 Be7 7. Bb2 O-O 8. O-O
Ba6 9. Bxa6 Nxa6 10. a3 Nc7 11. c4 d5 12. Nc3 Qb8 13. Qe2 Qb7 14. Rac1 Rfd8 15.
Rfd1 Rac8 16. g3 Nce8 17. cxd5 Nxd5 18. Ne4 Ndf6 19. Nxf6+ Nxf6 20. Rxc8 Rxc8
21. Rc1 Rxc1+ 22. Bxc1 Bd6 23. a4 Qd5 24. Qe3 h6 25. h3 Qf5 26. Kg2 Nd5 27. Qe2
Qb1 28. Qc4 Qe4 29. Bd2 a5 30. Qc1 Kh7 31. Qe1 Qc2 32. g4 Qxb3 33. Qe4+ g6 34.
Nh4 Nf6 35. Qe3 Qd5+ 36. Kg1 g5 37. Nf3 Kg7 38. Ne5 Bxe5 39. dxe5 Ne4 40. Be1
Nc5 41. Kf1 Nxa4 42. h4 Qc4+ 0-1

[Event "Chigorin Memorial 2014"]
[Site "St Petersburg RUS"]
[Date "2014.10.18"]
[Round "1.181"]
[White "Melnikov, Dmitry"]
[Black "Fokin, Anatoly"]
[Result "1-0"]
[WhiteTitle "FM"]
[WhiteElo "2260"]
[BlackElo "1765"]
[WhiteFideId "4146468"]
[BlackFideId "24124451"]
[EventDate "2014.10.18"]

1. e4 d5 2. exd5 Nf6 3. d4 Nxd5 4. Nf3 g6 5. c4 Nf6 6. Nc3 Bg7 7. c5 Nd5 8. Bc4
Nxc3 9. bxc3 c6 10. O-O O-O 11. Re1 b6 12. Bg5 Bf6 13. cxb6 axb6 14. Bh6 Bg7 15.
Qd2 Nd7 16. Rad1 e6 17. h4 Nf6 18. Ne5 Qc7 19. Bf4 Qb7 20. Bb3 Nd5 21. Bg3 b5
22. h5 f6 23. h6 Bh8 24. Nd3 Qf7 25. Re2 Re8 26. Rde1 Ra7 27. Nc5 f5 28. Bb8
Rae7 29. Bd6 Ra7 30. Be5 Bxe5 31. Rxe5 Rae7 32. c4 bxc4 33. Bxc4 Qf6 34. Bb3 g5
35. Ba4 Rc7 36. Rxd5 cxd5 37. Bxe8 Qxh6 38. Bb5 Qf6 39. Qe3 Kf7 40. a4 Ra7 41.
Nd3 Kg6 42. Rc1 Ba6 43. Ne5+ Kg7 44. Bxa6 Rxa6 45. Rc7+ Kg8 46. Qh3 h6 47. Rf7
g4 48. Qh5 Qg5 49. Rf8+ Kh7 50. Qf7+ Qg7 51. Qe8 Ra7 52. Ng6 Qxd4 53. Rh8+ Kg7
54. Rg8+ Kh7 55. Nf8+ Kxg8 56. Nxe6+ 1-0

[Event "Chigorin Memorial 2014"]
[Site "St Petersburg RUS"]
[Date "2014.10.18"]
[Round "1.182"]
[White "Tonkoshkur, Daniil"]
[Black "Guzenko, Artem"]
[Result "0-1"]
[WhiteElo "1721"]
[BlackElo "2258"]
[WhiteFideId "4146310"]
[BlackFideId "24144460"]
[EventDate "2014.10.18"]

1. d4 Nf6 2. Nf3 e6 3. c4 c5 4. d5 exd5 5. cxd5 d6 6. Nc3 g6 7. Bf4 a6 8. a4 Bg7
9. e4 O-O 10. h3 Re8 11. Bd3 Nh5 12. Be3 Qb6 13. Qc2 f5 14. O-O f4 15. Bd2 Qd8
16. Ne2 Be5 17. Nxe5 dxe5 18. Qxc5 f3 19. Ng3 fxg2 20. Kxg2 Nf4+ 21. Bxf4 exf4
22. Ne2 Qg5+ 23. Kf3 Nd7 24. Qd6 Ne5+ 25. Qxe5 Qxe5 26. Rg1 Bxh3 0-1

[Event "Chigorin Memorial 2014"]
[Site "St Petersburg RUS"]
[Date "2014.10.19"]
[Round "2.11"]
[White "Tseitlin, Mark D"]
[Black "Ponkratov, Pavel"]
[Result "1-0"]
[WhiteTitle "GM"]
[BlackTitle "GM"]
[WhiteElo "2320"]
[BlackElo "2617"]
[WhiteFideId "2800128"]
[BlackFideId "4157800"]
[EventDate "2014.10.18"]

1. e4 e6 2. d4 d5 3. Nd2 c5 4. Ngf3 cxd4 5. Nxd4 Nf6 6. e5 Nfd7 7. N2f3 Nc6 8.
Bf4 Be7 9. c3 g5 10. Bg3 h5 11. h4 g4 12. Nxc6 bxc6 13. Nd4 Qb6 14. b4 Qc7 15.
b5 cxb5 16. Nxb5 Qa5 17. Qd4 Bc5 18. Qd2 Ba6 19. a4 Rc8 20. Bd3 Bxb5 21. Bxb5
Bb6 22. O-O a6 23. Bxd7+ Kxd7 24. Rfb1 Rc7 25. Kh2 Kc8 26. Rb3 d4 27. Rc1 Rd8
28. Qb2 dxc3 29. Rbxc3 Rd7 30. Rxc7+ Rxc7 31. Rb1 Rc6 32. Qa3 Bc5 33. Qd3 Qxa4
34. Qh7 Rb6 35. Qg8+ Kc7 36. Rc1 Qd4 37. Qxf7+ Kb8 38. Qxh5 a5 39. Qg6 Ba3 40.
Qe8+ Ka7 41. Rc8 Qe4 42. h5 Bb2 43. Rc5 Ka6 44. h6 Qb7 45. Qa4 1-0

[Event "Chigorin Memorial 2014"]
[Site "St Petersburg RUS"]
[Date "2014.10.19"]
[Round "2.28"]
[White "Rozum, Ivan"]
[Black "Stetsko, Lanita"]
[Result "0-1"]
[WhiteTitle "GM"]
[BlackTitle "FM"]
[WhiteElo "2551"]
[BlackElo "2291"]
[WhiteFideId "24104272"]
[BlackFideId "13505300"]
[EventDate "2014.10.18"]

1. d4 Nf6 2. c4 e6 3. Nc3 Bb4 4. e3 O-O 5. Ne2 d5 6. a3 Be7 7. cxd5 exd5 8. Nf4
c6 9. Bd3 Re8 10. O-O Nbd7 11. f3 Nf8 12. Bc2 Ng6 13. Nxg6 hxg6 14. b4 b5 15. e4
dxe4 16. fxe4 Be6 17. Kh1 a5 18. Rb1 axb4 19. axb4 Qd7 20. Be3 Red8 21. Qd2 Ng4
22. Bg1 Bf6 23. Rfd1 Ne5 24. Qc1 Nc4 25. Bb3 Qb7 26. h3 Rd7 27. Ne2 g5 28. Rf1
Be7 29. Qe1 Ra3 30. Nc1 g4 31. h4 Qb8 32. Nd3 Qd8 33. Bf2 g3 34. Bxg3 Rxd4 35.
Nf4 Rxb3 36. Rxb3 Nd2 37. Nxe6 fxe6 38. Rb1 Nxf1 39. Qxf1 Rxb4 40. Rc1 Rxe4 41.
Qf3 Qd5 42. Rd1 Qf5 43. Qc3 c5 44. Qa5 b4 45. Qb5 c4 46. Qe8+ Bf8 47. Rd8 e5 48.
Qc6 Rg4 49. Bf2 Kh7 50. Qe8 Rf4 51. Bg3 Rf1+ 52. Kh2 c3 53. Qc6 c2 54. Rxf8 Qxf8
55. Qxc2+ Qf5 56. Qc7 e4 57. Be5 Qg4 58. Qe7 e3 59. Bxg7 Qf4+ 60. g3 Qf2+ 61.
Kh3 Qf5+ 62. Kh2 Rf2+ 63. Kg1 Qb1# 0-1

[Event "Chigorin Memorial 2014"]
[Site "St Petersburg RUS"]
[Date "2014.10.19"]
[Round "2.32"]
[White "Samdanov, Samdan"]
[Black "Stupak, Kirill"]
[Result "0-1"]
[BlackTitle "GM"]
[WhiteElo "2278"]
[BlackElo "2545"]
[WhiteFideId "4188101"]
[BlackFideId "13503758"]
[EventDate "2014.10.18"]

1. d4 Nf6 2. c4 e6 3. Nc3 d5 4. cxd5 exd5 5. Bg5 Nbd7 6. e3 Bb4 7. Bd3 c5 8. Ne2
h6 9. Bh4 c4 10. Bc2 Nb6 11. f3 Qe7 12. Qd2 Be6 13. e4 g5 14. Bf2 O-O-O 15. e5
Nh5 16. g4 Ng7 17. O-O-O f5 18. h3 Qd7 19. Rdg1 Be7 20. Kb1 a6 21. Be3 f4 22.
Bxf4 gxf4 23. Qxf4 h5 24. Qg3 Rdf8 25. Nf4 Bf7 26. Nce2 Bg5 27. Ng6 Bxg6 28.
Bxg6 h4 29. Qf2 Qe6 30. Bc2 Qh6 31. Rf1 Bf4 32. Rhg1 Qg5 33. Qe1 Na8 34. Ka1 Nc7
35. Qb4 Kb8 36. Qd6 Ne6 37. Bf5 Rd8 38. Qb6 Rh6 39. Qb4 Bd2 40. Qa4 Nf4 41. Qd1
Be3 42. Rh1 Nxe2 43. Qxe2 Rb6 0-1

[Event "Chigorin Memorial 2014"]
[Site "St Petersburg RUS"]
[Date "2014.10.19"]
[Round "2.134"]
[White "Lagashin, Pavel"]
[Black "Bezulenko, Evgeny"]
[Result "1-0"]
[WhiteElo "2138"]
[BlackElo "1827"]
[WhiteFideId "24132144"]
[BlackFideId "24105996"]
[EventDate "2014.10.18"]

1. d4 Nf6 2. c4 e6 3. g3 d5 4. Bg2 c6 5. Nd2 Qa5 6. Nf3 dxc4 7. O-O b5 8. e4
Nbd7 9. e5 Nd5 10. Ne4 Qc7 11. a3 h6 12. Bd2 Bb7 13. b3 cxb3 14. Qxb3 a5 15.
Rfc1 a4 16. Qb2 Rc8 17. Ne1 Be7 18. Nd3 O-O 19. Nb4 Qb6 20. Rab1 Rfd8 21. Nd3
Qa7 22. Rc2 N7b6 23. Ndc5 Ba8 24. Bf1 Nd7 25. Qc1 Nxc5 26. Nxc5 Bf8 27. Qe1 Nb6
28. Qe4 Rd5 29. Bd3 g6 30. Bb4 Re8 31. h4 Nd7 32. h5 Nxc5 33. Bxc5 Bxc5 34. Rxc5
Rxc5 35. dxc5 Qxc5 36. hxg6 Qf8 37. gxf7+ Qxf7 38. Qg4+ Kh8 39. Be4 Rf8 40. f4
Rg8 41. Qh4 Kg7 42. Rd1 c5 43. Rd7 Bxe4 44. Qf6+ 1-0

[Event "Chigorin Memorial 2014"]
[Site "St Petersburg RUS"]
[Date "2014.10.19"]
[Round "2.139"]
[White "Semenenko, Sergey"]
[Black "Shapianov, Adam"]
[Result "1-0"]
[WhiteElo "2130"]
[BlackElo "1807"]
[WhiteFideId "4173767"]
[BlackFideId "34137030"]
[EventDate "2014.10.18"]

1. d4 Nf6 2. c4 e6 3. Nc3 Bb4 4. e3 O-O 5. Ne2 d5 6. a3 Bd6 7. c5 Be7 8. b4 c6
9. Ng3 Nbd7 10. Bb2 b6 11. Be2 Re8 12. O-O Bf8 13. f4 g6 14. Qc2 Bg7 15. e4 Nh5
16. e5 Nxg3 17. hxg3 f5 18. b5 Bb7 19. bxc6 Bxc6 20. Nb5 Bxb5 21. Bxb5 bxc5 22.
dxc5 Rb8 23. Ba4 Bf8 24. Bd4 Qc7 25. Rfc1 Rec8 26. Bxd7 Qxd7 27. c6 Qc7 28. Qa4
a5 29. Rc2 Ra8 30. Rb1 Rcb8 31. Rbc1 Ra6 32. Kh2 h6 33. Rb2 Raa8 34. Rcb1 Rxb2
35. Rxb2 Rc8 36. Rb6 Qe7 37. Qxa5 Qxa3 38. Qxa3 Bxa3 39. Kg1 Kf8 40. Kf2 Be7 41.
Ke2 g5 42. Ra6 Ke8 43. Kd3 Bb4 44. Bc3 Bc5 45. Ba5 g4 46. Kc3 Bf2 47. Kd3 Bc5
48. Kc2 Be7 49. Kb3 Bd8 50. Ka4 Bxa5 51. Kxa5 Kd8 52. Kb6 Rb8+ 53. Kc5 d4 54.
Kd6 Rc8 55. Ra4 d3 56. Rd4 Ra8 57. Rxd3 1-0

[Event "Chigorin Memorial 2014"]
[Site "St Petersburg RUS"]
[Date "2014.10.19"]
[Round "2.141"]
[White "Korchagina, Viktoria"]
[Black "Shemenko, Georgy"]
[Result "1-0"]
[WhiteTitle "WFM"]
[WhiteElo "2124"]
[BlackElo "1803"]
[WhiteFideId "4197224"]
[BlackFideId "34112879"]
[EventDate "2014.10.18"]

1. e4 e6 2. d4 d5 3. Nc3 Nf6 4. Bg5 Bb4 5. exd5 exd5 6. Bd3 O-O 7. Ne2 h6 8. Bh4
Bg4 9. f3 Be6 10. a3 Bd6 11. Qd2 c6 12. O-O-O Nbd7 13. g4 Qc7 14. g5 Nh5 15. Bg3
f5 16. gxh6 g6 17. Rhg1 Kh7 18. Bxd6 Qxd6 19. Rg5 Rg8 20. Rdg1 a5 21. Nd1 b5 22.
Ne3 Ndf6 23. h3 Nf4 24. Nxf4 Qxf4 25. Kb1 Qxf3 26. Ng2 Nh5 27. Re1 Rae8 28. Re3 1-0

[Event "Chigorin Memorial 2014"]
[Site "St Petersburg RUS"]
[Date "2014.10.19"]
[Round "2.147"]
[White "Okun, Evgeny"]
[Black "Aksenova, Maria"]
[Result "1-0"]
[WhiteElo "2108"]
[BlackElo "1777"]
[WhiteFideId "24131806"]
[BlackFideId "24173312"]
[EventDate "2014.10.18"]

1. g3 d5 2. Bg2 Nf6 3. d3 e5 4. c4 Nc6 5. cxd5 Nxd5 6. Nc3 Nb6 7. Nf3 Be7 8. a3
O-O 9. O-O Re8 10. Be3 Bf8 11. Rc1 Bg4 12. Na4 Nd4 13. Bxd4 exd4 14. Nc5 Bxc5
15. Rxc5 c6 16. Qd2 Qd6 17. Rc2 Nd7 18. Qg5 Bxf3 19. Bxf3 a5 20. Qd2 h6 21. b4
Ne5 22. Bg2 axb4 23. axb4 Ra4 24. Rb1 Rea8 25. h3 Ra1 26. Rb2 R8a2 27. Rxa1
Rxa1+ 28. Kh2 b6 29. Be4 Qe6 30. Rc2 Qb3 31. Rb2 Rd1 32. Qc2 Qxc2 33. Rxc2 Rb1
34. f4 Ng6 35. Rc4 Rb2 36. Bf3 Ne7 37. Rxd4 Nd5 38. Bxd5 cxd5 39. Rxd5 Rxe2+ 40.
Kg1 Rb2 41. Rb5 Rb3 42. Rxb6 Rxd3 43. Kf2 Kf8 44. Rb7 Ke8 45. b5 Rb3 46. b6 g6
47. g4 Kd8 48. g5 hxg5 49. fxg5 Kc8 50. Rc7+ Kb8 51. Rxf7 Rxb6 52. Rf6 Rb2+ 53.
Kg3 Rb3+ 54. Kg4 Rb4+ 55. Rf4 Rb1 56. Rc4 Rg1+ 57. Kf4 Rf1+ 58. Kg3 Rg1+ 59. Kh4
Kb7 60. Rf4 Rb1 61. Rf6 Rb4+ 62. Kg3 Rb3+ 63. Kf4 Rb4+ 64. Kg3 Rb3+ 65. Rf3 Rb5
66. h4 Rb4 67. Rf6 Rb3+ 68. Kf4 Rb4+ 69. Ke5 Rxh4 70. Rd6 Rg4 71. Kf6 Kc7 72.
Rd2 Rg1 73. Kxg6 Kc6 74. Kf6 Rf1+ 75. Kg7 Rg1 76. g6 Kc7 77. Kf7 Rf1+ 78. Kg8
Rg1 79. g7 Kc8 80. Rd5 Kc7 81. Kh7 Rh1+ 82. Kg6 Rg1+ 83. Rg5 1-0

[Event "Chigorin Memorial 2014"]
[Site "St Petersburg RUS"]
[Date "2014.10.19"]
[Round "2.149"]
[White "Morozov, Boris"]
[Black "Reshetnikov, Ruslan"]
[Result "1/2-1/2"]
[WhiteElo "1805"]
[BlackElo "2106"]
[WhiteFideId "4129695"]
[BlackFideId "34102768"]
[EventDate "2014.10.18"]

1. e4 e6 2. d4 d5 3. Nc3 Nf6 4. Bg5 Bb4 5. Ne2 dxe4 6. a3 Be7 7. Bxf6 Bxf6 8.
Nxe4 O-O 9. c3 e5 10. Nxf6+ Qxf6 11. dxe5 Qxe5 12. Qd4 Qe7 13. O-O-O Nc6 14. Qf4
Be6 15. Nd4 Nxd4 16. Rxd4 Rad8 17. h4 Rxd4 18. Qxd4 Rd8 19. Qe3 Bb3 20. Be2
Qxe3+ 21. fxe3 Kf8 22. Rf1 Ke7 23. Rf4 Rd6 24. Re4+ Re6 25. Rxe6+ Kxe6 26. Kd2
Bd5 27. Bf3 Bxf3 28. gxf3 Kf5 29. Ke2 h5 30. Kf2 f6 31. Kg3 Ke5 32. Kf2 c5 33.
c4 b6 34. a4 a6 35. b3 Kf5 36. Kg3 g5 37. Kh3 Ke6 38. Kg3 Ke5 39. Kh3 Kf5 40.
Kg3 Ke6 41. Kh3 Kd6 42. Kg3 Kc6 43. Kh3 b5 44. a5 bxc4 45. bxc4 Kd6 46. Kg3 Ke5
47. Kh3 1/2-1/2

[Event "Chigorin Memorial 2014"]
[Site "St Petersburg RUS"]
[Date "2014.10.20"]
[Round "3.7"]
[White "Ganguly, Surya Shekhar"]
[Black "Pasiev, Rakhim"]
[Result "1-0"]
[WhiteTitle "GM"]
[BlackTitle "IM"]
[WhiteElo "2613"]
[BlackElo "2393"]
[WhiteFideId "5002150"]
[BlackFideId "24122475"]
[EventDate "2014.10.18"]

1. d4 e6 2. c4 f5 3. Nc3 Nf6 4. e3 Bb4 5. Ne2 O-O 6. a3 Be7 7. g3 d6 8. Bg2 e5
9. O-O c6 10. b4 Be6 11. d5 cxd5 12. Nxd5 Nc6 13. Bb2 Rc8 14. Qa4 a6 15. Rad1
Qe8 16. Nb6 Rb8 17. Qc2 Qh5 18. Nd5 Bxd5 19. cxd5 Nd8 20. h3 Nf7 21. f4 Rbc8 22.
Qd3 e4 23. Qd2 Qg6 24. Rc1 Nh5 25. Kh2 Bf6 26. Rxc8 Rxc8 27. Rc1 Rd8 28. Rc7
Bxb2 29. Qxb2 Nf6 30. Qd4 Qh5 31. Nc3 Rd7 32. Qa7 Rxc7 33. Qb8+ Nd8 34. Qxc7 Qe8
35. Qxd6 Qd7 36. Qxd7 Nxd7 37. g4 g6 38. Bf1 Kf7 39. Kg3 Ke7 40. Bc4 Nf7 41. a4
Nd6 42. Be2 Nb6 43. a5 Nbc4 44. Kf2 Na3 45. Bd1 Ne8 46. Bb3 Nd6 47. g5 Nf7 48.
Ke2 Nd6 49. h4 Kd8 50. Na4 Nab5 51. Kd2 Ke7 52. Nb6 Kd8 53. Bd1 Nc7 54. Be2 Nc8
55. Nxc8 Kxc8 56. d6 Ne6 57. Bc4 Kd7 58. Bd5 Kxd6 59. Bxb7 Nc7 60. Kc3 Ke7 61.
Kd4 Kd6 1-0